000 01091cam a2200325 a 4500
001 14379605
003 OSt
005 20230605091028.0
008 060517s2004 ke b 000 0 eng c
010 _a 2006305567
020 _a9966957758
035 _a(CStRLIN)CUBGGLAD151864449-B
035 _a(CU)GLAD151864449
040 _aCSt
_cSTF
_dCUY
_dDLC
042 _apcc
_alcode
043 _afe-----
082 _a324.676
_bANG
245 0 0 _aProcesses for elections to the East African Legislative Assembly /
_cedited by Francis Ang'ila.
246 3 0 _aEast African Legislative Assembly
246 1 7 _aProcesses for elections to the EALA
260 _aNairobi, Kenya :
_bFriedrich Ebert Stiftung (FES),
_cc2004.
300 _av, 15 p. ;
_c21 cm.
504 _aIncludes bibliographical references (p. 15).
610 2 0 _aEast African Legislative Assembly
_xElections.
700 1 _aAng'ila, Francis.
710 2 _aFriedrich-Ebert-Stiftung.
906 _a7
_bcbc
_cpccadap
_d3
_encip
_f20
_gy-gencatlg
942 _2ddc
_cBK
999 _c215
_d215